Transactions of the symposium on partial differential equations held at the University of California, at Berkeley, June 20-July 1, 1955 / (Record no. 200468104)

MARC details
000 -LEADER
fixed length control field 01411cam a2200337 i 4500
001 - CONTROL NUMBER
control field 200468104
003 - CONTROL NUMBER IDENTIFIER
control field TR-AnTOB
005 - DATE AND TIME OF LATEST TRANSACTION
control field 20260415085247.0
007 - PHYSICAL DESCRIPTION FIXED FIELD--GENERAL INFORMATION
fixed length control field ta
008 - FIXED-LENGTH DATA ELEMENTS--GENERAL INFORMATION
fixed length control field 960111s1955 nyua b 100 0 eng
040 ## - CATALOGING SOURCE
Original cataloging agency DLC
Language of cataloging eng
Description conventions rda
Transcribing agency TJC
Modifying agency OCL
-- MNU
-- TR-AnTOB
041 0# - LANGUAGE CODE
Language code of text/sound track or separate title İngilizce
050 14 - LIBRARY OF CONGRESS CALL NUMBER
Classification number QA377
Item number .T736 1955
090 ## - LOCALLY ASSIGNED LC-TYPE CALL NUMBER (OCLC); LOCAL CALL NUMBER (RLIN)
Classification number (OCLC) (R) ; Classification number, CALL (RLIN) (NR) QA377
Local cutter number (OCLC) ; Book number/undivided call number, CALL (RLIN) .T736 1955
110 1# - MAIN ENTRY--CORPORATE NAME
Corporate name or jurisdiction name as entry element United States.
Subordinate unit Office of Naval Research.
245 00 - TITLE STATEMENT
Title Transactions of the symposium on partial differential equations held at the University of California, at Berkeley, June 20-July 1, 1955 /
Statement of responsibility, etc. sponsored by Office of Naval Research [and others] ; Editorial committee: N. Aronszajn, A. Douglis [and] C. B. Morrey, Jr.
264 #1 - PRODUCTION, PUBLICATION, DISTRIBUTION, MANUFACTURE, AND COPYRIGHT NOTICE
Place of production, publication, distribution, manufacture New York ;
Name of producer, publisher, distributor, manufacturer Interscience Publishers,
Date of production, publication, distribution, manufacture, or copyright notice 1955?.
300 ## - PHYSICAL DESCRIPTION
Extent vi, 334 pages :
Other physical details illustrations ;
Dimensions 27 cm
336 ## - CONTENT TYPE
Content type term text
Content type code txt
Source rdacontent
337 ## - MEDIA TYPE
Media type term unmediated
Media type code n
Source rdamedia
338 ## - CARRIER TYPE
Carrier type term volume
Carrier type code nc
Source rdacarrier
500 ## - GENERAL NOTE
General note "Reprinted from Communications on pure and applied mathematics ... volume IX, number 3 (1956)"
504 ## - BIBLIOGRAPHY, ETC. NOTE
Bibliography, etc. note Includes bibliographical references and index.
650 #0 - SUBJECT ADDED ENTRY--TOPICAL TERM
Topical term or geographic name entry element Differential equations, Partial
9 (RLIN) 1008
700 1# - ADDED ENTRY--PERSONAL NAME
Personal name Aronszajn, Nachman,
Dates associated with a name 1907-
Relator term editor
9 (RLIN) 153667
Personal name Douglis, A.
Fuller form of name (Avron),
Dates associated with a name 1918-1995
Relator term editor
9 (RLIN) 153668
Personal name Morrey, Charles Bradfield,
Dates associated with a name 1907-1984
Relator term editor
9 (RLIN) 38543
740 01 - ADDED ENTRY--UNCONTROLLED RELATED/ANALYTICAL TITLE
Uncontrolled related/analytical title Symposium on partial differential equations.
942 ## - ADDED ENTRY ELEMENTS (KOHA)
Source of classification or shelving scheme Library of Congress Classification
Koha item type Book
Holdings
Withdrawn status Lost status Source of classification or shelving scheme Not for loan Collection code Home library Current library Shelving location Date acquired Source of acquisition Total Checkouts Full call number Date last seen Date shelved Koha item type Public note
    Library of Congress Classification Ödünç verilemez-Teknik işlemde / Not for loan-In technical process Genel Koleksiyon Merkez Kütüphane Merkez Kütüphane Genel Koleksiyon / Main Collection 22/01/2026 Bağış / Donation   QA377 .T736 1955 15/04/2026 15/04/2026 Book Donated by Ahmet Okay Çelebi
Devinim Yazılım Eğitim Danışmanlık tarafından Koha'nın orjinal sürümü uyarlanarak geliştirilip kurulmuştur.